| 000 | 00854nam a22002535i 4500 | ||
|---|---|---|---|
| 001 | 171615 | ||
| 003 | ES-MaACL | ||
| 005 | 20231227150148.0 | ||
| 008 | 090522s1957 sp |||| | spa d | ||
| 080 | _a849.9:914.671.1 B. | ||
| 080 | _a7(467.11 B.) | ||
| 245 | 0 | 0 |
_aBarcelona vista pels seus artistes / _cCarles Soldevila ; pòrtic de Jacint Verdaguer. |
| 250 | _a[1ª ed.]. | ||
| 260 |
_aBarcelona : _bAedos, _c[1957] |
||
| 300 |
_a342 p., 16 lám. : _bil. ; _c29 cm. |
||
| 490 | 1 |
_aEnciclopedia Catalana "Aedos" ; _v3 |
|
| 650 | 1 | 4 |
_aArte- _zBarcelona. _9140286 |
| 651 | 4 |
_aBarcelona- _zEn la literatura. _9140287 |
|
| 700 | 1 |
_aSoldevila, Carles. _9107110 |
|
| 700 | 1 |
_aVerdaguer, Jacint, _d1845-1902 _9113998 |
|
| 830 | 0 |
_aEnciclopedia Catalana "Aedos" ; _v3 _9223190 |
|
| 852 |
_aES-MaACL _jC-15721 _9R.43518 |
||
| 999 |
_c171615 _d171615 |
||